000 00561nam a2200181 4500
001 125800
003 ES-MaACL
005 20230906192713.0
007 t|
008 070214s1972 sp r ||||1| spa d
100 1 _aRavel, Robert de.
_995577
245 1 3 _aEl crecimiento de la empresa /
_cRobert de Ravel, Pedro A. Pedreño ; traducción de María Callejón.
260 _aMadrid :
_bGuadiana,
_c1972.
300 _a139 p. ;
_c18 cm.
700 1 _aPedreño, Pedro A.
_989907
700 1 _aCallejón, María.
_933740
852 _aES-MaACL
_jC-53215
_bR.84192
999 _c125800
_d125800